Anne of green gables / (Record no. 7870)

MARC details
000 -LEADER
fixed length control field 01150nam a22003257a 4500
001 - CONTROL NUMBER
control field 7870
003 - CONTROL NUMBER IDENTIFIER
control field FISKH
005 - DATE AND TIME OF LATEST TRANSACTION
control field 20250812140841.0
008 - FIXED-LENGTH DATA ELEMENTS--GENERAL INFORMATION
fixed length control field 250812b cb ||||| |||| 00| 0 eng d
020 ## - INTERNATIONAL STANDARD BOOK NUMBER
International Standard Book Number 070918003998
040 ## - CATALOGING SOURCE
Original cataloging agency DLC
Transcribing agency DLC
Modifying agency IG#
-- OCO
-- BAKER
-- XY4
-- DLC
Language of cataloging eng
050 ## - LIBRARY OF CONGRESS CALL NUMBER
Classification number PZ7.D943 A
082 ## - DEWEY DECIMAL CLASSIFICATION NUMBER
Classification number 812.54
100 1# - MAIN ENTRY--PERSONAL NAME
Personal name Dussling, Jennifer
245 ## - TITLE STATEMENT
Title Anne of green gables /
Statement of responsibility, etc. Adapted by Jennifer Dussling ; Illustrated by Lydia Halverson
250 ## - EDITION STATEMENT
Edition statement This edition first published in 2001
260 ## - PUBLICATION, DISTRIBUTION, ETC.
Place of publication, distribution, etc. New York :
Name of publisher, distributor, etc. Grosset & Dunlap,
Date of publication, distribution, etc. 2001
300 ## - PHYSICAL DESCRIPTION
Extent 48 pages :
Other physical details color illustration ;
Dimensions 23 cm
440 #0 - SERIES STATEMENT/ADDED ENTRY--TITLE
Title All aboard mystery reader.
Number of part/section of a work Station stop 3
490 1# - SERIES STATEMENT
Series statement Goofball Malone ace detective
505 ## - FORMATTED CONTENTS NOTE
Formatted contents note N<br/>
520 ## - SUMMARY, ETC.
Summary, etc. Second-grader Goofball Malone is known to be good with jokes, but he finally gets his chance to be a detective when a dalmatian dog, Professor Pup, runs off from his owner.<br/>
521 8# - TARGET AUDIENCE NOTE
Target audience note 540<br/>
Source Lexile<br/>
521 8# - TARGET AUDIENCE NOTE
Target audience note N<br/>
Source Raz-Plus<br/>
650 #1 - SUBJECT ADDED ENTRY--TOPICAL TERM
Topical term or geographic name entry element Dalmatian dog
Form subdivision Fiction.
650 #1 - SUBJECT ADDED ENTRY--TOPICAL TERM
Topical term or geographic name entry element Dogs
Form subdivision Fiction.
700 ## - ADDED ENTRY--PERSONAL NAME
Personal name Halverson, Lydia
Relator term illustrator
942 ## - ADDED ENTRY ELEMENTS (KOHA)
Source of classification or shelving scheme Dewey Decimal Classification
Koha item type Books
Suppress in OPAC No
Holdings
Withdrawn status Lost status Source of classification or shelving scheme Damaged status Not for loan Collection Home library Current library Shelving location Date acquired Total Checkouts Full call number Barcode Date last seen Copy number Price effective from Koha item type
    Dewey Decimal Classification     Juvenile Fiction Footprints International School Library Network Toul Tom Poung Campus Footprints International School Library Network Toul Tom Poung Campus TTP Primary Yellow Bookshelves 08/12/2025   DUS 812.54 PZ7.D943 A FISBK02765 08/12/2025 1 08/12/2025 Books